| 000 | 00431cam a2200169 4500 | ||
|---|---|---|---|
| 001 | D13280 | ||
| 008 | 090401t1910 xxu||||| |||| 00| 0 eng d | ||
| 035 | _a(Sirsi) u8849 | ||
| 041 | _aeng | ||
| 100 | _aLightbody, F.H. | ||
| 245 | 4 | _aThe valuation of undeveloped land. With tables by D.E. Wallace | |
| 260 |
_aEdinburgh _bWilliam Green & Sons _c1910 |
||
| 350 | _a0 | ||
| 520 | _aShelf 118 | ||
| 942 | _n0 | ||
| 948 | _c04/03/1997 | ||
| 999 |
_c86569 _d86569 |
||